000 00308nam a22001337a 4500
008 171031b xxu||||| |||| 00| 0 eng d
020 _a0471078832
041 _aeng
080 _a33
100 _a59
101 _aBUS
245 _aTHE DO'S AND TABOOS OF INTERNATIONAL TRADE
_cAXTELL,R.E
942 _2udc
_cBK
999 _c36881
_d36881